[Event "XXIII Festival Conca della Presolana A"]
[Site "Bratto - Castione della Presolana ITA"]
[Date "2003.08.21"]
[Round "1"]
[White "Maccagno, Giancarlo"]
[Black "Sax, Gyula"]
[Result "0-1"]
[WhiteElo "2133"]
[BlackElo "2521"]
[PlyCount "38"]
[EventDate "2003.08.21"]

1.e4 c5 2.c3 d5 3.exd5 Qxd5 4.d4 g6 5.Nf3 Bg7 6.Be2 cxd4 7.O-O Nf6 8.Nxd4 
O-O 9.Bf3 Qa5 10.Re1 e5 11.b4 Qc7 12.Nb5 Qb6 13.Nd6 Rd8 14.Nxc8 Rxd1 15.
Rxd1 Qc7 16.Nd6 Nc6 17.b5 Na5 18.Ba3 Rd8 19.Bb4 Bf8 0-1

[Event "XXIII Festival Conca della Presolana A"]
[Site "Bratto - Castione della Presolana ITA"]
[Date "2003.08.21"]
[Round "1"]
[White "Manzoni, Alessandro"]
[Black "Astengo, Corrado"]
[Result "1-0"]
[WhiteElo "2034"]
[BlackElo "2170"]
[PlyCount "61"]
[EventDate "2003.08.21"]

1.e4 e6 2.Nc3 d5 3.g3 d4 4.Nb1 Nf6 5.d3 c5 6.Bg2 Nc6 7.Ne2 Be7 8.O-O Bd7 
9.h3 e5 10.f4 exf4 11.gxf4 O-O 12.Nd2 Qc8 13.Kh2 b5 14.Ng3 Rb8 15.Nh5 Nxh5
16.Qxh5 Nb4 17.Qd1 Rb6 18.Nf3 Rg6 19.f5 Qb8+ 20.Kh1 Ra6 21.a3 Nc6 22.Qe1 
Bf6 23.Bg5 Qd8 24.Bf4 Re8 25.Qg3 Be7 26.Rg1 Bf8 27.Bf1 Nb8 28.Ne5 Bc8 29.
Ng4 Kh8 30.Bxb8 Bxf5 31.Bc7 1-0

[Event "XXIII Festival Conca della Presolana A"]
[Site "Bratto - Castione della Presolana ITA"]
[Date "2003.08.21"]
[Round "1"]
[White "Marzano, Carlo"]
[Black "Mazzariol, Oscar"]
[Result "0-1"]
[WhiteElo "2225"]
[BlackElo "2049"]
[PlyCount "102"]
[EventDate "2003.08.21"]

1.d4 d5 2.Nf3 Nf6 3.Bg5 Nbd7 4.e3 e6 5.Nbd2 Be7 6.Bd3 c5 7.c3 b6 8.O-O Bb7
9.Qb1 O-O 10.b4 cxb4 11.cxb4 Ne4 12.Nxe4 dxe4 13.Bxe7 Qxe7 14.Bxe4 Bxe4 
15.Qxe4 Qxb4 16.Rfc1 Rac8 17.Qb7 Rxc1+ 18.Rxc1 Qa3 19.Rc2 Nf6 20.Ne5 Qb4 
21.Rc1 Qb2 22.Rf1 Qxa2 23.Nc6 a5 24.Qxb6 a4 25.h3 a3 26.Qc5 Ra8 27.Rc1 h6 
28.Nb4 Qb2 29.Rc2 Qb1+ 30.Rc1 a2 31.Nxa2 Qxa2 32.Qc2 g6 33.Qc6 Rb8 34.Rc2 
Rb1+ 35.Kh2 Qa1 36.Kg3 Re1 37.Qb7 Qd1 38.Rc8+ Kg7 39.Qf3 Nh5+ 40.Kg4 f5+ 
41.Kh4 Qxf3 42.gxf3 Rh1 43.f4 Rf1 44.Re8 Kf7 45.Rh8 Rxf2 46.Rh7+ Kf6 47.d5
exd5 48.Rd7 Rf3 49.Rd6+ Kf7 50.Rxd5 Ng7 51.Ra5 Ne6 0-1

[Event "XXIII Festival Conca della Presolana A"]
[Site "Bratto - Castione della Presolana ITA"]
[Date "2003.08.21"]
[Round "1"]
[White "Nardelli, Marco"]
[Black "Del Dotto, Riccardo"]
[Result "0-1"]
[WhiteElo "1902"]
[BlackElo "2151"]
[PlyCount "62"]
[EventDate "2003.08.21"]

1.e4 e5 2.Nc3 Bc5 3.Nf3 d6 4.Na4 Bb6 5.Nxb6 axb6 6.d4 Qe7 7.dxe5 dxe5 8.
Bg5 Nf6 9.Be2 O-O 10.c3 Nbd7 11.Qc2 Qe6 12.Nd2 Rxa2 13.Rxa2 Qxa2 14.O-O 
Qe6 15.b4 h6 16.Bh4 Re8 17.h3 Nf8 18.Qa4 g5 19.Bg3 Rd8 20.Bc4 Qe7 21.Nf3 
Ng6 22.Re1 Nh5 23.Bh2 Nhf4 24.Bxf4 Nxf4 25.Qa2 Qf6 26.Nh2 h5 27.Nf1 Kg7 
28.Re3 g4 29.h4 b5 30.Bb3 Qxh4 31.Bxf7 Rd1 0-1

[Event "XXIII Festival Conca della Presolana A"]
[Site "Bratto - Castione della Presolana ITA"]
[Date "2003.08.21"]
[Round "1"]
[White "Orsi, Massimiliano"]
[Black "Mauro, Alan"]
[Result "0-1"]
[WhiteElo "2046"]
[BlackElo "2222"]
[PlyCount "106"]
[EventDate "2003.08.21"]

1.e4 c5 2.Nf3 d6 3.d4 cxd4 4.Nxd4 Nf6 5.Nc3 g6 6.f3 Bg7 7.Be3 O-O 8.Qd2 
Nc6 9.O-O-O d5 10.Nxc6 bxc6 11.exd5 Nxd5 12.Bd4 e5 13.Bc5 Be6 14.Ne4 Re8 
15.Bc4 Nf4 16.Bxe6 Qxd2+ 17.Rxd2 Nxe6 18.Be3 f5 19.Nd6 Red8 20.Nc4 Rxd2 
21.Bxd2 Nc7 22.Re1 Re8 23.Bc3 Bh6+ 24.Kb1 e4 25.fxe4 Rxe4 26.Rxe4 fxe4 27.
Bd2 Bf8 28.Kc1 Nd5 29.Kd1 Kg7 30.Ke2 Kf6 31.g3 h5 32.a3 Kf5 33.Ba5 Be7 34.
Bd2 g5 35.Ne3+ Nxe3 36.Bxe3 a6 37.b4 Bd6 38.c4 g4 39.c5 Be5 40.a4 Ke6 41.
Bd2 Kd5 42.Ke3 Bg7 43.Ke2 Bf6 44.Be3 h4 45.gxh4 Bxh4 46.Bf4 Bf6 47.Bg3 Bc3
48.Be1 Bf6 49.Bg3 Bg5 50.Bd6 Bh6 51.Bg3 Kc4 52.Be1 Bf4 53.b5 cxb5 0-1

[Event "XXIII Festival Conca della Presolana A"]
[Site "Bratto - Castione della Presolana ITA"]
[Date "2003.08.21"]
[Round "1"]
[White "Paoli, Enrico"]
[Black "Rago, Riccardo"]
[Result "0-1"]
[WhiteElo "1950"]
[BlackElo "2163"]
[PlyCount "66"]
[EventDate "2003.08.21"]

1.e4 c5 2.c3 d5 3.exd5 Qxd5 4.Nf3 Nf6 5.d3 Nc6 6.Be2 e6 7.O-O Be7 8.Nbd2 
O-O 9.Nc4 b6 10.Ne3 Qd6 11.Nc4 Qc7 12.g3 Nd5 13.Bg5 Bb7 14.Qd2 Rad8 15.
Bxe7 Qxe7 16.Rad1 h6 17.Qc1 Qf6 18.Ne3 Ne5 19.Nh4 Qxh4 20.gxh4 Nf4 21.Rfe1
Nxe2+ 22.Rxe2 Nf3+ 23.Kg2 Nxh4+ 24.Kh3 Ng6 25.Kg3 f5 26.f4 Nxf4 27.Kxf4 
g5+ 28.Ke5 f4 29.Ng4 Rf5+ 30.Kxe6 Bc8+ 31.Ke7 Rd7+ 32.Ke6 Rdd5+ 33.Ke7 
Rf7+ 0-1

[Event "XXIII Festival Conca della Presolana A"]
[Site "Bratto - Castione della Presolana ITA"]
[Date "2003.08.21"]
[Round "1"]
[White "Passoni, Carlo"]
[Black "Barletta, Antonio"]
[Result "1-0"]
[WhiteElo "2246"]
[BlackElo "2053"]
[PlyCount "95"]
[EventDate "2003.08.21"]

1.e4 c5 2.Nf3 e6 3.d4 cxd4 4.Nxd4 Nf6 5.Nc3 Bb4 6.Bd3 Nc6 7.Ne2 a6 8.O-O 
Qc7 9.h3 Be7 10.Be3 b5 11.f4 d6 12.Nd4 Nxd4 13.Bxd4 e5 14.Be3 Bb7 15.a3 
O-O 16.Qe2 Bc6 17.Kh1 Qb7 18.Bg1 a5 19.Rfe1 b4 20.Nb1 g6 21.fxe5 dxe5 22.
Bh2 Qc7 23.axb4 axb4 24.Nd2 Nd7 25.Nf3 Kg7 26.Nd4 Bd6 27.Nxc6 Qxc6 28.Bb5 
Qc7 29.Rad1 Nc5 30.Rd5 f6 31.Red1 Rfd8 32.Bg1 Ne6 33.Qd2 Be7 34.Be3 g5 35.
Qe2 Rxd5 36.exd5 Nf4 37.Bxf4 exf4 38.Bd3 Qe5 39.Qh5 f5 40.d6 Qxd6 41.Bxf5 
Qh6 42.Qe2 Qf6 43.Bxh7 Rd8 44.Bd3 Bc5 45.Qg4 Be3 46.Ra1 Rd5 47.Ra6 Qxb2 
48.Rg6+ 1-0

[Event "XXIII Festival Conca della Presolana A"]
[Site "Bratto - Castione della Presolana ITA"]
[Date "2003.08.21"]
[Round "1"]
[White "Pedemonte, Claudio"]
[Black "Castelfranchi, Carlo"]
[Result "1/2-1/2"]
[WhiteElo "1974"]
[BlackElo "2165"]
[PlyCount "42"]
[EventDate "2003.08.21"]

1.c4 Nf6 2.Nc3 d5 3.cxd5 Nxd5 4.g3 g6 5.Bg2 Nxc3 6.bxc3 Bg7 7.Nf3 O-O 8.d4
c5 9.O-O Nc6 10.e3 Be6 11.Ba3 cxd4 12.cxd4 Qa5 13.Qd3 Rfd8 14.Bc1 Rac8 15.
Bd2 Qa4 16.Rfc1 Na5 17.Bxa5 Rxc1+ 18.Rxc1 Qxa5 19.a3 Bf5 20.Qb3 Be6 21.Qd3
Bf5 1/2-1/2

[Event "XXIII Festival Conca della Presolana A"]
[Site "Bratto - Castione della Presolana ITA"]
[Date "2003.08.21"]
[Round "1"]
[White "Piantoni, Roberto"]
[Black "Garrapa, Gianluigi"]
[Result "1-0"]
[WhiteElo "2157"]
[BlackElo "1909"]
[PlyCount "63"]
[EventDate "2003.08.21"]

1.d4 d5 2.Nf3 Nf6 3.e3 Bf5 4.c4 c6 5.Nc3 e6 6.Qb3 Qb6 7.c5 Qxb3 8.axb3 
Nbd7 9.b4 Be7 10.b5 O-O 11.bxc6 bxc6 12.b4 Ne4 13.Bd2 Nxc3 14.Bxc3 Rfb8 
15.Ba6 Bd8 16.O-O Bc7 17.Ra3 Nf6 18.Nd2 Ne4 19.Nxe4 dxe4 20.Rfa1 Kf8 21.
Bf1 Rb7 22.Ra6 e5 23.dxe5 Bd7 24.b5 cxb5 25.c6 Bxc6 26.Rxc6 a5 27.Bxb5 
Rxb5 28.Rxc7 a4 29.g3 Rb3 30.e6 f6 31.Bd4 Kg8 32.Rac1 1-0

[Event "XXIII Festival Conca della Presolana A"]
[Site "Bratto - Castione della Presolana ITA"]
[Date "2003.08.21"]
[Round "1"]
[White "Qendro, Llambi"]
[Black "Osuna Munoz, Xavier"]
[Result "1-0"]
[WhiteElo "2370"]
[BlackElo "2097"]
[PlyCount "45"]
[EventDate "2003.08.21"]

1.d4 Nf6 2.c4 e6 3.Nc3 c5 4.d5 exd5 5.cxd5 Bd6 6.Nf3 Bc7 7.e4 d6 8.h3 O-O 
9.Bd3 Re8 10.O-O a6 11.a4 Nbd7 12.Bg5 Nf8 13.Nd2 Ng6 14.Nc4 b6 15.f4 h6 
16.Bxf6 gxf6 17.Qh5 Kg7 18.Rf3 Rh8 19.Rg3 Kf8 20.Rf1 Ne7 21.e5 Bb7 22.exf6
Ng8 23.Rxg8+ 1-0

[Event "XXIII Festival Conca della Presolana A"]
[Site "Bratto - Castione della Presolana ITA"]
[Date "2003.08.21"]
[Round "1"]
[White "Radice, Luca"]
[Black "Dittmar, Peter"]
[Result "0-1"]
[WhiteElo "2092"]
[BlackElo "2349"]
[PlyCount "80"]
[EventDate "2003.08.21"]

1.d4 d5 2.c4 e6 3.Nc3 Nf6 4.Bg5 dxc4 5.e3 c5 6.Bxc4 cxd4 7.exd4 Be7 8.Nf3 
O-O 9.O-O Nc6 10.Re1 b6 11.Qd2 Bb7 12.Rad1 Na5 13.Be2 Rc8 14.Ne5 Nd5 15.
Bxe7 Qxe7 16.Nxd5 Bxd5 17.b4 Nc6 18.Ba6 Nxe5 19.dxe5 Rcd8 20.Qb2 Qg5 21.
Bf1 Rd7 22.Qd2 Qxd2 23.Rxd2 Rc7 24.Ba6 Rc3 25.h3 Ra3 26.Be2 Rc8 27.Rb1 g6 
28.Rbb2 Rc1+ 29.Kh2 Ra1 30.Bf3 Bxf3 31.gxf3 Re1 32.Re2 Rxe2 33.Rxe2 Rxf3 
34.Kg2 Ra3 35.Kh2 g5 36.Kg2 Kg7 37.Kh2 Kg6 38.Kg2 Kf5 39.Kh2 h5 40.Kg2 Ra4
0-1

[Event "XXIII Festival Conca della Presolana A"]
[Site "Bratto - Castione della Presolana ITA"]
[Date "2003.08.21"]
[Round "1"]
[White "Ranieri, Fabrizio"]
[Black "Guglielmi, Giuseppe"]
[Result "1-0"]
[WhiteElo "2170"]
[BlackElo "1991"]
[PlyCount "53"]
[EventDate "2003.08.21"]

1.e4 c5 2.Nf3 d6 3.d4 cxd4 4.Nxd4 Nf6 5.Nc3 a6 6.Bg5 e6 7.f4 h6 8.Bh4 Be7 
9.Qf3 Qc7 10.O-O-O Nbd7 11.g4 g5 12.fxg5 Ne5 13.Qg3 Nfxg4 14.gxh6 Bxh4 15.
Qxh4 Rxh6 16.Qg3 Bd7 17.Be2 O-O-O 18.Bxg4 Rg6 19.h3 f5 20.exf5 exf5 21.Nd5
Rxg4 22.hxg4 Qa5 23.Nxf5 Kb8 24.Nxd6 Qxa2 25.Qxe5 Qa1+ 26.Kd2 Qa5+ 27.b4 
1-0

[Event "XXIII Festival Conca della Presolana A"]
[Site "Bratto - Castione della Presolana ITA"]
[Date "2003.08.21"]
[Round "1"]
[White "Ricci, Alfredo"]
[Black "Lapiccirella, Mattia"]
[Result "1-0"]
[WhiteElo "2037"]
[BlackElo "2187"]
[PlyCount "87"]
[EventDate "2003.08.21"]

1.e4 c5 2.Nf3 Nc6 3.d4 cxd4 4.Nxd4 Nf6 5.Nc3 d6 6.Be2 e6 7.Be3 Be7 8.O-O 
a6 9.f4 Qc7 10.Rc1 O-O 11.Bf3 Bd7 12.Qe1 Nxd4 13.Bxd4 e5 14.Be3 Bc6 15.Qg3
b5 16.f5 Kh8 17.Qf2 b4 18.Nd5 Bxd5 19.exd5 e4 20.Be2 Nxd5 21.Bd4 Bf6 22.c3
bxc3 23.Bxf6 Nxf6 24.Rxc3 Qb7 25.Rb3 Qe7 26.g4 Nd7 27.Bc4 Ne5 28.Bd5 Rae8 
29.f6 gxf6 30.Qxf6+ Qxf6 31.Rxf6 Nxg4 32.Rxf7 Rxf7 33.Bxf7 Re7 34.Bc4 a5 
35.Rb8+ Kg7 36.Rg8+ Kf6 37.Rxg4 Kf5 38.Rg2 Rc7 39.Rc2 d5 40.Bb3 Rg7+ 41.
Kf2 Ke5 42.Rc5 Rd7 43.Rxa5 Kd4 44.Rxd5+ 1-0

[Event "XXIII Festival Conca della Presolana A"]
[Site "Bratto - Castione della Presolana ITA"]
[Date "2003.08.21"]
[Round "1"]
[White "Rosin, Federico"]
[Black "Dervishi, Erald"]
[Result "0-1"]
[WhiteElo "2117"]
[BlackElo "2495"]
[PlyCount "94"]
[EventDate "2003.08.21"]

1.e4 e5 2.Nc3 Nf6 3.Bc4 Nc6 4.d3 Na5 5.Nge2 Nxc4 6.dxc4 d6 7.O-O Be7 8.Qd3
c6 9.b3 O-O 10.Bb2 Qc7 11.Rad1 Be6 12.h3 Rad8 13.Qe3 Qa5 14.Kh1 Nd7 15.Ng3
g6 16.Qh6 Rfe8 17.a4 Bf8 18.Qe3 Qb6 19.Qxb6 Nxb6 20.Rd2 f5 21.a5 Nc8 22.f3
a6 23.Ba3 Rd7 24.Rfd1 Rf7 25.Na4 c5 26.Nc3 Na7 27.Bb2 Nc6 28.Nd5 Nxa5 29.
exf5 Bxf5 30.Nxf5 gxf5 31.f4 Nc6 32.Re1 Re6 33.Nb6 Bh6 34.Rf2 Bg7 35.Rd2 
Rg6 36.fxe5 Bxe5 37.Bxe5 dxe5 38.Rd5 f4 39.Nd7 f3 40.gxf3 Rxf3 41.Kh2 Rf2+
42.Kh1 Rxc2 43.Nxc5 Nd4 44.Re3 Nf5 45.Rexe5 Rc1+ 46.Kh2 Nh4 47.Rd8+ Kg7 
0-1

[Event "XXIII Festival Conca della Presolana A"]
[Site "Bratto - Castione della Presolana ITA"]
[Date "2003.08.21"]
[Round "1"]
[White "Salami, Marco"]
[Black "Tirrito, Luca"]
[Result "1-0"]
[WhiteElo "2177"]
[BlackElo "2036"]
[PlyCount "79"]
[EventDate "2003.08.21"]

1.e4 e5 2.f4 Nf6 3.fxe5 Nxe4 4.Nf3 Ng5 5.d3 Nxf3+ 6.Qxf3 Nc6 7.Qe4 Bc5 8.
c3 O-O 9.d4 d5 10.Qf4 Bb6 11.Bd3 Qe7 12.b3 Re8 13.Ba3 Qe6 14.Rf1 Ne7 15.
Nd2 Ba5 16.Rc1 c6 17.Kf2 Ng6 18.Qg3 Bb6 19.Kg1 Qg4 20.Qxg4 Bxg4 21.Kh1 
Rac8 22.b4 a5 23.h3 Bd7 24.bxa5 Bxa5 25.Nb3 Ra8 26.Bd6 Bd8 27.Rf2 Bb6 28.
Nc5 Bc8 29.Rcf1 Bxc5 30.Bxc5 Be6 31.a3 Ne7 32.Rb2 b5 33.Rbf2 g6 34.g4 Kg7 
35.Kg2 Rab8 36.Rb1 Ra8 37.Kg3 Ng8 38.Ra2 Rf8 39.Rh1 h5 40.Be2 1-0

[Event "XXIII Festival Conca della Presolana A"]
[Site "Bratto - Castione della Presolana ITA"]
[Date "2003.08.21"]
[Round "1"]
[White "Sbarra, Marco"]
[Black "Podini, Francesco"]
[Result "1-0"]
[WhiteElo "2207"]
[BlackElo "2041"]
[PlyCount "89"]
[EventDate "2003.08.21"]

1.e4 c5 2.Nf3 e6 3.d4 cxd4 4.Nxd4 Nf6 5.Nc3 d6 6.f4 Be7 7.Bd3 Nc6 8.Nf3 
Qc7 9.a3 a6 10.Qe2 Nd7 11.O-O O-O 12.Bd2 Bf6 13.Rae1 g6 14.Kh1 Bg7 15.Nd1 
b5 16.Bc3 Bxc3 17.Nxc3 b4 18.axb4 Nxb4 19.e5 d5 20.Ng5 Nxd3 21.Qxd3 Kg7 
22.f5 exf5 23.Nxd5 Qd8 24.Rxf5 Nc5 25.Qc3 Ne6 26.Nf6 Nxg5 27.Rxg5 Be6 28.
Rg3 Rc8 29.Qe3 h6 30.c3 Rc4 31.Nh5+ Kh7 32.Nf4 Rc6 33.Nxe6 Rxe6 34.Rh3 g5 
35.Qe4+ f5 36.Qb7+ Kg6 37.Rhe3 Rf7 38.Qb4 Rd7 39.Qc4 Qe7 40.b4 Rc7 41.Qe2 
Rec6 42.Rd1 Rxc3 43.Rxc3 Rxc3 44.Qxa6+ Kg7 45.Qd6 1-0

[Event "XXIII Festival Conca della Presolana A"]
[Site "Bratto - Castione della Presolana ITA"]
[Date "2003.08.21"]
[Round "1"]
[White "Scotti, Umberto"]
[Black "Khenkin, Igor"]
[Result "0-1"]
[WhiteElo "2135"]
[BlackElo "2638"]
[PlyCount "50"]
[EventDate "2003.08.21"]

1.d4 d5 2.Nf3 Nf6 3.Bf4 c5 4.e3 Nc6 5.c3 Qb6 6.Qb3 c4 7.Qc2 Bf5 8.Qc1 Nh5 
9.Be2 Nxf4 10.exf4 e6 11.O-O Be7 12.Nbd2 Qc7 13.g3 b5 14.Ne5 b4 15.Bf3 
bxc3 16.bxc3 Nxe5 17.fxe5 O-O 18.Re1 Rab8 19.Nf1 Qa5 20.g4 Ba3 21.Qf4 Bd3 
22.Ng3 Bb2 23.Rad1 Bxc3 24.Rxd3 cxd3 25.Nh5 Bd2 0-1

[Event "XXIII Festival Conca della Presolana A"]
[Site "Bratto - Castione della Presolana ITA"]
[Date "2003.08.21"]
[Round "1"]
[White "Sedina, Elena"]
[Black "Leoni, Fabrizio"]
[Result "1-0"]
[WhiteElo "2390"]
[BlackElo "2102"]
[PlyCount "77"]
[EventDate "2003.08.21"]

1.e4 c6 2.c4 d5 3.cxd5 cxd5 4.exd5 Qxd5 5.Nc3 Qa5 6.d4 e6 7.Nf3 Nf6 8.Bc4 
Be7 9.O-O O-O 10.Re1 Nc6 11.a3 Bd7 12.Bg5 Rad8 13.b4 Qb6 14.Rc1 Bc8 15.Na4
Qc7 16.b5 Nb8 17.Bxe6 Qd6 18.Bxc8 Rxc8 19.Nc5 b6 20.Qe2 Rce8 21.Bxf6 gxf6 
22.Ne4 Qd7 23.Qd3 Rc8 24.d5 Rfd8 25.d6 f5 26.Ne5 Qe6 27.Qg3+ Kf8 28.dxe7+ 
Qxe7 29.Rxc8 Rxc8 30.Nd2 Qc5 31.a4 Qd4 32.Qb3 Rc7 33.Ndf3 Qd6 34.Rd1 Qe7 
35.Nc4 Nd7 36.Nd6 Nc5 37.Qd5 Rd7 38.Nh4 Qe2 39.Qa8+ 1-0

[Event "XXIII Festival Conca della Presolana A"]
[Site "Bratto - Castione della Presolana ITA"]
[Date "2003.08.21"]
[Round "1"]
[White "Temi, Walter"]
[Black "Rombaldoni, Andrea"]
[Result "1/2-1/2"]
[WhiteElo "2064"]
[BlackElo "2259"]
[PlyCount "48"]
[EventDate "2003.08.21"]

1.e4 e5 2.Nf3 Nc6 3.Nc3 Nf6 4.Bb5 Nd4 5.Ba4 Bc5 6.Nxe5 O-O 7.Nd3 Bb6 8.e5 
Ne8 9.Nd5 d6 10.Ne3 Qe7 11.exd6 Nxd6 12.O-O Qe4 13.Ne1 Nf3+ 14.Nxf3 Qxa4 
15.d4 f5 16.c3 Qe8 17.Nd5 Ne4 18.Bf4 Qd8 19.Nxb6 axb6 20.Qb3+ Kh8 21.Rfe1 
Bd7 22.Ne5 Be8 23.Re2 Nd6 24.Rae1 h6 1/2-1/2

[Event "XXIII Festival Conca della Presolana A"]
[Site "Bratto - Castione della Presolana ITA"]
[Date "2003.08.21"]
[Round "1"]
[White "Vancini, Edoardo"]
[Black "Mascheroni, Maurizio"]
[Result "1-0"]
[WhiteElo "2284"]
[BlackElo "2068"]
[PlyCount "51"]
[EventDate "2003.08.21"]

1.e4 d6 2.d4 Nf6 3.Nc3 g6 4.Bg5 Bg7 5.Qd2 O-O 6.O-O-O c6 7.Bh6 b5 8.Bxg7 
Kxg7 9.Bd3 Nbd7 10.f4 e5 11.Nf3 exd4 12.Nxd4 Qb6 13.Nf3 Ng4 14.Rde1 b4 15.
Nd1 Nc5 16.h3 Nf6 17.f5 Nxd3+ 18.cxd3 c5 19.Nf2 Ba6 20.Ng4 Ng8 21.f6+ Kh8 
22.b3 d5 23.exd5 Nxf6 24.Qb2 Kg7 25.Nfe5 Kg8 26.Nd7 1-0

[Event "XXIII Festival Conca della Presolana A"]
[Site "Bratto - Castione della Presolana ITA"]
[Date "2003.08.21"]
[Round "1"]
[White "Vigile, Matteo"]
[Black "Castaldo, Folco"]
[Result "0-1"]
[WhiteElo "2080"]
[BlackElo "2322"]
[PlyCount "72"]
[EventDate "2003.08.21"]

1.e4 c5 2.c3 Nf6 3.e5 Nd5 4.d4 cxd4 5.cxd4 d6 6.Nf3 Nc6 7.Bc4 e6 8.O-O Be7
9.Qe2 O-O 10.Qe4 Qc7 11.Bd3 f5 12.exf6 Nxf6 13.Qe2 Bd7 14.Nc3 Rae8 15.Bg5 
d5 16.Rac1 Ng4 17.Nb5 Qb8 18.Bxe7 Nxe7 19.Bxh7+ Kxh7 20.Ng5+ Kg6 21.Qxg4 
Rf4 22.Qh3 Rh8 23.Qd3+ Kxg5 24.g3 Bxb5 25.Qxb5 Rxd4 26.Qd7 Kf6 27.Rc3 Rd8 
28.Qb5 Qd6 29.Qxb7 Qb6 30.Qc7 Qxc7 31.Rxc7 Ra4 32.a3 Rb8 33.Rc2 Rb3 34.f4 
Re4 35.Rd1 Nf5 36.Rc7 Re2 0-1

[Event "XXIII Festival Conca della Presolana A"]
[Site "Bratto - Castione della Presolana ITA"]
[Date "2003.08.21"]
[Round "1"]
[White "Vinzoni, Andrea"]
[Black "Mantovani, Renzo"]
[Result "0-1"]
[WhiteElo "2100"]
[BlackElo "2375"]
[PlyCount "76"]
[EventDate "2003.08.21"]

1.d4 Nf6 2.c4 e6 3.Nc3 Bb4 4.e3 O-O 5.Bd3 d5 6.Nf3 dxc4 7.Bxc4 c5 8.O-O 
Nc6 9.a3 cxd4 10.exd4 Be7 11.Bg5 b6 12.Re1 Bb7 13.Ba2 Rc8 14.Rc1 Nd5 15.
Bxe7 Ncxe7 16.Ne5 Nf4 17.Qg4 Neg6 18.Nxg6 Nxg6 19.Rcd1 Ne7 20.Re3 Nd5 21.
Rg3 g6 22.Bb1 Nxc3 23.bxc3 Qf6 24.h4 Rfd8 25.h5 e5 26.hxg6 hxg6 27.Ba2 
exd4 28.cxd4 Kg7 29.d5 Rc3 30.Rxc3 Qxc3 31.d6 Qf6 32.Qg3 Bc6 33.Qd3 Ba4 
34.Rd2 Qa1+ 35.Kh2 Qe5+ 36.Kg1 Rc8 37.f3 Rc1+ 38.Kf2 Qe1# 0-1

[Event "XXIII Festival Conca della Presolana A"]
[Site "Bratto - Castione della Presolana ITA"]
[Date "2003.08.21"]
[Round "1"]
[White "Volpinari, Danilo"]
[Black "Satta, Vladimiro"]
[Result "1/2-1/2"]
[WhiteElo "2050"]
[BlackElo "2242"]
[PlyCount "40"]
[EventDate "2003.08.21"]

1.e4 g6 2.d4 Bg7 3.Nc3 d6 4.Nf3 a6 5.Be3 b5 6.Bd3 Nd7 7.a4 b4 8.Ne2 Bb7 9.
Qd2 a5 10.O-O Ngf6 11.Ng3 Ng4 12.Bf4 e5 13.dxe5 Ngxe5 14.Nxe5 dxe5 15.Bg5 
Bf6 16.Bh6 Nc5 17.Bb5+ c6 18.Qxd8+ Rxd8 19.Bc4 Ba6 20.Bxa6 Nxa6 1/2-1/2

[Event "XXIII Festival Conca della Presolana A"]
[Site "Bratto - Castione della Presolana ITA"]
[Date "2003.08.21"]
[Round "1"]
[White "Zanellato, Lorenzo"]
[Black "Caruso, Augusto"]
[Result "1/2-1/2"]
[WhiteElo "2055"]
[BlackElo "2247"]
[PlyCount "95"]
[EventDate "2003.08.21"]

1.d4 f5 2.Nc3 d5 3.Bg5 c6 4.e3 Qb6 5.Rb1 Nd7 6.Nf3 g6 7.h4 Bg7 8.Bf4 Ngf6 
9.Ne5 Ne4 10.Nxd7 Bxd7 11.Nxe4 fxe4 12.Qd2 Bg4 13.a4 a5 14.Be2 Bxe2 15.
Qxe2 h6 16.Qg4 c5 17.O-O cxd4 18.exd4 O-O 19.Be5 Rf5 20.Bxg7 Kxg7 21.c4 e6
22.cxd5 exd5 23.Rbc1 Raf8 24.Qe2 R8f7 25.Rc5 Qf6 26.g3 Qxd4 27.Rxa5 Rf3 
28.Kg2 Qe5 29.Rb5 Qf5 30.Rc5 Qg4 31.Qc2 Rd3 32.Rc7 Qf3+ 33.Kg1 h5 34.Rxf7+
Qxf7 35.b4 Rf3 36.Qb2+ Kh7 37.Rc1 e3 38.Rf1 Qf5 39.Qe2 Qe4 40.Kh2 d4 41.
fxe3 Rxe3 42.Qg2 Qe7 43.Qd5 Re2+ 44.Kh3 Kh6 45.Rf7 Re5 46.Qd7 Qe6+ 47.Qxe6
Rxe6 48.Rxb7 1/2-1/2

[Event "XXIII Festival Conca della Presolana A"]
[Site "Bratto - Castione della Presolana ITA"]
[Date "2003.08.22"]
[Round "2"]
[White "Affinito, Pancrazio"]
[Black "Scotti, Umberto"]
[Result "1/2-1/2"]
[WhiteElo "2080"]
[BlackElo "2135"]
[PlyCount "53"]
[EventDate "2003.08.21"]

1.d4 e6 2.g3 f5 3.Bg2 Nf6 4.Nf3 d5 5.O-O Bd6 6.c4 c6 7.b3 Qe7 8.Bb2 O-O 9.
Nc3 Nbd7 10.Qc2 Ne4 11.Nxe4 fxe4 12.Ne5 Qg5 13.f4 exf3 14.Nxf3 Qh5 15.e4 
dxe4 16.Nd2 Nf6 17.Nxe4 Be7 18.Bf3 Qg6 19.Qe2 Nxe4 20.Bxe4 Qe8 21.Rxf8+ 
Bxf8 22.Rd1 Bd7 23.Qd3 Qh5 24.Bf3 Qf5 25.Be4 Qh5 26.Bf3 Qf5 27.Be4 1/2-1/2

[Event "XXIII Festival Conca della Presolana A"]
[Site "Bratto - Castione della Presolana ITA"]
[Date "2003.08.22"]
[Round "2"]
[White "Astengo, Corrado"]
[Black "Radice, Luca"]
[Result "1/2-1/2"]
[WhiteElo "2170"]
[BlackElo "2092"]
[PlyCount "58"]
[EventDate "2003.08.21"]

1.e4 e6 2.d4 d5 3.Nc3 dxe4 4.Nxe4 Bd7 5.Nf3 Bc6 6.Bd3 Nd7 7.O-O Ngf6 8.Ng3
Be7 9.b3 O-O 10.c4 Bxf3 11.Qxf3 c6 12.Bb2 Qc7 13.Rfe1 Rfe8 14.Rad1 Rad8 
15.h4 c5 16.h5 cxd4 17.Bxd4 h6 18.Ne4 Nxe4 19.Bxe4 Bb4 20.Re3 Nc5 21.Bc2 
Re7 22.Bxc5 Rxd1+ 23.Qxd1 Bxc5 24.Rd3 f5 25.Qd2 a5 26.Qd1 Qf4 27.Qf3 Qc1+ 
28.Qd1 Qf4 29.Qf3 Qc1+ 1/2-1/2

[Event "XXIII Festival Conca della Presolana A"]
[Site "Bratto - Castione della Presolana ITA"]
[Date "2003.08.22"]
[Round "2"]
[White "Battaggia, Piergiorgio"]
[Black "Orsi, Massimiliano"]
[Result "1/2-1/2"]
[WhiteElo "2110"]
[BlackElo "2046"]
[PlyCount "37"]
[EventDate "2003.08.21"]

1.d4 d5 2.Nf3 Nc6 3.e3 Nf6 4.b3 Bg4 5.Bb2 e6 6.Nbd2 Be7 7.a3 Ne4 8.Be2 f5 
9.O-O O-O 10.c4 Rf6 11.Nxe4 fxe4 12.Nd2 Bf5 13.f3 Rh6 14.f4 Bd6 15.Rf2 g5 
16.g3 gxf4 17.gxf4 Qh4 18.Rg2+ Kf7 19.Qe1 1/2-1/2

[Event "XXIII Festival Conca della Presolana A"]
[Site "Bratto - Castione della Presolana ITA"]
[Date "2003.08.22"]
[Round "2"]
[White "Bellia, Fabrizio"]
[Black "Ranieri, Fabrizio"]
[Result "1/2-1/2"]
[WhiteElo "2397"]
[BlackElo "2170"]
[PlyCount "57"]
[EventDate "2003.08.21"]

1.e4 e6 2.d4 d5 3.Nd2 Nf6 4.e5 Nfd7 5.Bd3 c5 6.c3 Nc6 7.Ne2 cxd4 8.cxd4 f6
9.exf6 Nxf6 10.Nf3 Bd6 11.O-O O-O 12.Bf4 Bxf4 13.Nxf4 Ne4 14.Qc1 Ng5 15.
Nxg5 Qxg5 16.Ne2 Qf6 17.Qc5 Bd7 18.Rac1 Rac8 19.Qd6 Nxd4 20.Nxd4 Rxc1 21.
Rxc1 Qxf2+ 22.Kh1 Qxd4 23.Bxh7+ Kxh7 24.Qxf8 Qxb2 25.Qf4 Bc6 26.Qh4+ Kg8 
27.Qd8+ Kh7 28.Qh4+ Kg8 29.Qd8+ 1/2-1/2

[Event "XXIII Festival Conca della Presolana A"]
[Site "Bratto - Castione della Presolana ITA"]
[Date "2003.08.22"]
[Round "2"]
[White "Belotti, Bruno"]
[Black "Salami, Marco"]
[Result "1/2-1/2"]
[WhiteElo "2435"]
[BlackElo "2177"]
[PlyCount "84"]
[EventDate "2003.08.21"]

1.c4 f5 2.g3 Nf6 3.Bg2 d6 4.Nc3 g6 5.d3 Bg7 6.e4 Nc6 7.Nge2 e5 8.O-O O-O 
9.Nd5 h6 10.exf5 Bxf5 11.Nxf6+ Rxf6 12.Be3 Qd7 13.Qd2 Kh7 14.d4 Bg4 15.d5 
Ne7 16.f3 Bh3 17.Nc3 Bxg2 18.Kxg2 Nf5 19.Ne4 Rf7 20.Rf2 Rd8 21.h4 c6 22.
Re1 c5 23.Qd3 Kh8 24.Bd2 Rdf8 25.Bc3 b6 26.b3 a6 27.a4 Rb8 28.Rd1 a5 29.
Rh1 Qe7 30.g4 Nxh4+ 31.Rxh4 Qxh4 32.Nxd6 Rf4 33.Qe3 Rbf8 34.Bxe5 Bxe5 35.
Qxe5+ Qf6 36.Qxf6+ R4xf6 37.Ne4 Rf4 38.d6 h5 39.gxh5 gxh5 40.Rd2 Rg8+ 41.
Kf2 Rd8 42.Rd5 h4 1/2-1/2